[Event "4NCL/2001-02/D3/SWD2-BRI2"]
[Site "Rd04-Birmingham"]
[Date "2001.11.25"]
[Round "4.4"]
[White "Dilleigh, Stephen P"]
[Black "Blackburn, Jonathan LB"]
[Result "1/2-1/2"]
[WhiteElo "2173"]
[BlackElo "2162"]
[PlyCount "82"]
[EventDate "2001.11.25"]
[EventType "team-match"]
[EventCountry "ENG"]
[SourceTitle "BritBase"]
[Source "John Saunders"]
[SourceDate "2024.10.24"]
[SourceVersion "1"]
[SourceVersionDate "2024.10.24"]
[SourceQuality "1"]
[WhiteTeam "Bristol 2"]
[BlackTeam "South Wales Dragons 2"]
[WhiteTeamCountry "ENG"]
[BlackTeamCountry "WLS"]

1. c4 e6 2. g3 Nf6 3. Bg2 d5 4. Nf3 Be7 5. O-O O-O 6. b3 c5 7. Bb2 Nc6 8. e3 b6 9. Nc3 Bb7 10. cxd5 exd5 11. d4 Rc8 12. Rc1 Ba6 13. Re1 Nb4 14. Ne5 Nd7 15. a3 Nxe5 16. axb4 Nd3 17. b5 Nxe1 18. Bh3 cxd4 19. exd4 Rxc3 20. Bxc3 Bxb5 21. Bxe1 Bd7 22. Bg2 Bf5 23. Bd2 Qd7 24. Bf4 Bd6 25. Bxd6 Qxd6 26. Qe2 h6 27. Qb5 Rd8 28. h4 Qd7 29. Qxd7 Rxd7 30. Rc8+ Kh7 31. Ra8 Be4 32. f3 Bd3 33. Bf1 Bxf1 34. Kxf1 a5 35. Rb8 Rd6 36. Ke2 Kg6 37. Rb7 Kf6 38. Kd2 Ke6 39. h5 Kf6 40. g4 g6 41. Ke3 Re6+ 1/2-1/2

[Event "4NCL/2001-02/D3/SWD2-BRI2"]
[Site "Rd04-Birmingham"]
[Date "2001.11.25"]
[Round "4.5"]
[White "Walden-Jones, Andrew"]
[Black "Curtis, John"]
[Result "0-1"]
[WhiteElo "2103"]
[BlackElo "2118"]
[PlyCount "98"]
[EventDate "2001.11.25"]
[EventType "team-match"]
[EventCountry "ENG"]
[SourceTitle "BritBase"]
[Source "John Saunders"]
[SourceDate "2024.10.24"]
[SourceVersion "1"]
[SourceVersionDate "2024.10.24"]
[SourceQuality "1"]
[WhiteTeam "South Wales Dragons 2"]
[BlackTeam "Bristol 2"]
[WhiteTeamCountry "WLS"]
[BlackTeamCountry "ENG"]

1. e4 e5 2. Nf3 d6 3. d4 Nf6 4. Bd3 Nbd7 5. c3 Be7 6. O-O O-O 7. Nbd2 c6 8. Nc4 exd4 9. cxd4 d5 10. exd5 Nxd5 11. Re1 N7f6 12. Nfe5 Be6 13. Be3 Qc8 14. Qe2 Bf5 15. Bxf5 Qxf5 16. g4 Qe6 17. f4 Nxe3 18. Nxe3 Nd5 19. Qf2 Bb4 20. Re2 Nxe3 21. Qxe3 Rfe8 22. Kf2 f6 23. Nd3 Qd7 24. Qf3 Rxe2+ 25. Qxe2 Re8 26. Qc2 Qxd4+ 27. Kf1 Bd6 28. Qb3+ Qd5 29. Qxd5+ cxd5 30. Kf2 d4 31. Rd1 Re4 32. Kf3 Re3+ 33. Kf2 g5 34. fxg5 fxg5 35. Ne1 Re4 36. h3 Bc5 37. Rd3 Kf7 38. Ng2 Ke6 39. Kf3 Kd5 40. Rb3 b6 41. h4 h6 42. hxg5 hxg5 43. Rd3 Re8 44. b3 Rf8+ 45. Ke2 Ke4 46. Rg3 d3+ 47. Kd2 Rf2+ 48. Kd1 Rf1+ 49. Ne1 Bb4 0-1

[Event "4NCL/2001-02/D3/SWD2-BRI2"]
[Site "Rd04-Birmingham"]
[Date "2001.11.25"]
[Round "4.6"]
[White "Humphreys, Jerry G"]
[Black "Trevelyan, John"]
[Result "1/2-1/2"]
[WhiteElo "2087"]
[BlackElo "2155"]
[PlyCount "94"]
[EventDate "2001.11.25"]
[EventType "team-match"]
[EventCountry "ENG"]
[SourceTitle "BritBase"]
[Source "John Saunders"]
[SourceDate "2024.10.24"]
[SourceVersion "1"]
[SourceVersionDate "2024.10.24"]
[SourceQuality "1"]
[WhiteTeam "Bristol 2"]
[BlackTeam "South Wales Dragons 2"]
[WhiteTeamCountry "ENG"]
[BlackTeamCountry "WLS"]

1. Nf3 d6 2. d4 Nd7 3. e4 e5 4. dxe5 Nxe5 5. Nxe5 dxe5 6. Qxd8+ Kxd8 7. Bc4 f6 8. Be3 c6 9. Nc3 Kc7 10. O-O-O g6 11. f3 Bh6 12. Bxh6 Nxh6 13. Rd2 Rd8 14. Rhd1 Rxd2 15. Rxd2 Bd7 16. Nd1 Ng8 17. Ne3 Ne7 18. Bb3 Rc8 19. c3 g5 20. g3 Ng6 21. Kd1 h5 22. Ke1 h4 23. Kf2 hxg3+ 24. hxg3 Rh8 25. Kg1 b5 26. a3 Ne7 27. Nd1 a5 28. Nf2 Bc8 29. Rd1 c5 30. a4 b4 31. cxb4 cxb4 32. Rc1+ Kb6 33. Nd1 Nc6 34. Ne3 Nd4 35. Nd5+ Ka6 36. Bd1 f5 37. Ne7 Be6 38. exf5 Bxf5 39. Nxf5 Nxf5 40. Be2+ Kb6 41. Kg2 Nd4 42. Bd3 Rd8 43. Be4 Rd6 44. Kf2 Nb3 45. Rc8 Nc5 46. Rb8+ Kc7 47. Rb5 Nxe4+ 1/2-1/2

[Event "4NCL/2001-02/D3/SWD2-BRI2"]
[Site "Rd04-Birmingham"]
[Date "2001.11.25"]
[Round "4.7"]
[White "Brown, Alan M"]
[Black "Richards, John"]
[Result "1-0"]
[WhiteElo "1912"]
[BlackElo "2034"]
[PlyCount "35"]
[EventDate "2001.11.25"]
[EventType "team-match"]
[EventCountry "ENG"]
[SourceTitle "BritBase"]
[Source "John Saunders"]
[SourceDate "2024.10.24"]
[SourceVersion "1"]
[SourceVersionDate "2024.10.24"]
[SourceQuality "1"]
[WhiteTeam "South Wales Dragons 2"]
[BlackTeam "Bristol 2"]
[WhiteTeamCountry "WLS"]
[BlackTeamCountry "ENG"]

1. d4 Nf6 2. c4 g6 3. Nc3 d5 4. Bf4 Bg7 5. e3 c6 6. Nf3 O-O 7. Rc1 Nh5 8. Bg5 h6 9. Bh4 Be6 10. cxd5 Bxd5 11. Nxd5 cxd5 12. Bd3 Nc6 13. O-O Qb6 14. Qd2 g5 15. Bg3 Nxg3 16. hxg3 Rac8 17. Rc5 Nb4 18. Rb5 1-0

[Event "4NCL/2001-02/D3/SWD2-BRI2"]
[Site "Rd04-Birmingham"]
[Date "2001.11.25"]
[Round "4.8"]
[White "Wahl-Jorgensen, Karin"]
[Black "Wilson, Julie C"]
[Result "0-1"]
[WhiteElo "1608"]
[BlackElo "1648"]
[PlyCount "60"]
[EventDate "2001.11.25"]
[EventType "team-match"]
[EventCountry "ENG"]
[SourceTitle "BritBase"]
[Source "John Saunders"]
[SourceDate "2024.10.24"]
[SourceVersion "1"]
[SourceVersionDate "2024.10.24"]
[SourceQuality "1"]
[WhiteTeam "Bristol 2"]
[BlackTeam "South Wales Dragons 2"]
[WhiteTeamCountry "ENG"]
[BlackTeamCountry "WLS"]

1. d4 Nf6 2. Nf3 e6 3. Bg5 Be7 4. e3 b6 5. Bd3 Bb7 6. O-O O-O 7. Qe2 Ne4 8. Bxe7 Qxe7 9. Nbd2 f5 10. c4 d6 11. Rfd1 Nd7 12. Rac1 Rf6 13. Nf1 Rg6 14. Ng3 Ndf6 15. Bxe4 Nxe4 16. d5 Rf8 17. Qc2 Nxg3 18. hxg3 e5 19. Nh4 Rgf6 20. Nf3 Bc8 21. Qa4 a6 22. b4 f4 23. gxf4 exf4 24. Re1 Qf7 25. e4 Qg6 26. e5 dxe5 27. Nxe5 Qg5 28. Qb3 Rh6 29. Qf3 Rh3 30. Qe4 f3 0-1

[Event "4NCL/2001-02/D3/WR2-MK"]
[Site "Rd04-Birmingham"]
[Date "2001.11.25"]
[Round "4.1"]
[White "Stephenson, Frederick Norman"]
[Black "Macdonald-Ross, Michael"]
[Result "1-0"]
[WhiteElo "2226"]
[BlackElo "2170"]
[PlyCount "29"]
[EventDate "2001.11.25"]
[EventType "team-match"]
[EventCountry "ENG"]
[SourceTitle "BritBase"]
[Source "John Saunders"]
[SourceDate "2024.10.24"]
[SourceVersion "1"]
[SourceVersionDate "2024.10.24"]
[SourceQuality "1"]
[WhiteTeam "White Rose 2"]
[BlackTeam "Milton Keynes"]
[WhiteTeamCountry "ENG"]
[BlackTeamCountry "ENG"]

1. d4 d5 2. c4 e6 3. Nc3 Be7 4. Nf3 Nf6 5. Bf4 O-O 6. e3 b6 7. Rc1 c5 8. cxd5 exd5 9. Ne5 Bb7 10. Bd3 Nbd7 11. Qf3 Re8 12. O-O a6 13. Rfd1 c4 14. Bxc4 dxc4 15. Qxb7 1-0

[Event "4NCL/2001-02/D3/WR2-MK"]
[Site "Rd04-Birmingham"]
[Date "2001.11.25"]
[Round "4.2"]
[White "Freeman, Richard CP"]
[Black "Gourlay, Iain"]
[Result "0-1"]
[WhiteElo "2011"]
[BlackElo "2186"]
[PlyCount "52"]
[EventDate "2001.11.25"]
[EventType "team-match"]
[EventCountry "ENG"]
[SourceTitle "BritBase"]
[Source "John Saunders"]
[SourceDate "2024.10.24"]
[SourceVersion "1"]
[SourceVersionDate "2024.10.24"]
[SourceQuality "1"]
[WhiteTeam "Milton Keynes"]
[BlackTeam "White Rose 2"]
[WhiteTeamCountry "ENG"]
[BlackTeamCountry "ENG"]

1. e4 c5 2. Nc3 Nc6 3. f4 g6 4. Nf3 Bg7 5. a3 e6 6. b4 d5 7. e5 f6 8. Bb5 Bd7 9. Qe2 Nge7 10. bxc5 fxe5 11. fxe5 O-O 12. d4 Rxf3 13. Qxf3 Nxd4 14. Qd3 Nxb5 15. Nxb5 Qa5+ 16. Nc3 Bb5 17. Qh3 d4 18. Qxe6+ Kh8 19. Bd2 dxc3 20. Bg5 Nf5 21. Bf6 Re8 22. Qf7 Qa4 23. Kd1 Ne3+ 24. Ke1 Nxc2+ 25. Kf2 Qf4+ 26. Kg1 Qe3# 0-1

[Event "4NCL/2001-02/D3/WR2-MK"]
[Site "Rd04-Birmingham"]
[Date "2001.11.25"]
[Round "4.3"]
[White "Burnett, James"]
[Black "Smith, Graham M"]
[Result "1-0"]
[WhiteElo "2218"]
[BlackElo "1992"]
[PlyCount "65"]
[EventDate "2001.11.25"]
[EventType "team-match"]
[EventCountry "ENG"]
[SourceTitle "BritBase"]
[Source "John Saunders"]
[SourceDate "2024.10.24"]
[SourceVersion "1"]
[SourceVersionDate "2024.10.24"]
[SourceQuality "1"]
[WhiteTeam "White Rose 2"]
[BlackTeam "Milton Keynes"]
[WhiteTeamCountry "ENG"]
[BlackTeamCountry "ENG"]

1. d4 f5 2. Nf3 Nf6 3. g3 e6 4. Bg2 d5 5. O-O c6 6. c4 Bd6 7. b3 Qe7 8. a4 O-O 9. Ba3 Bxa3 10. Nxa3 Nbd7 11. e3 b6 12. Qc2 Ba6 13. Qb2 Ne4 14. Rac1 Rac8 15. Rfd1 Qb4 16. Ne1 Rfd8 17. Nd3 Qe7 18. b4 Bb7 19. f3 Nd6 20. c5 Nf7 21. f4 Rb8 22. Qd2 a6 23. cxb6 Nxb6 24. Nc5 Nd6 25. Bf1 Ne4 26. Qc2 Nxc5 27. bxc5 Nd7 28. Rb1 Rf8 29. Rb2 Qd8 30. Rdb1 Qc7 31. Qc3 a5 32. Nc2 h6 33. Ne1 1-0

[Event "4NCL/2001-02/D3/WR2-MK"]
[Site "Rd04-Birmingham"]
[Date "2001.11.25"]
[Round "4.4"]
[White "Kendall, Paul Stephen N"]
[Black "Wise, David"]
[Result "1/2-1/2"]
[WhiteElo "1968"]
[BlackElo "2193"]
[PlyCount "39"]
[EventDate "2001.11.25"]
[EventType "team-match"]
[EventCountry "ENG"]
[SourceTitle "BritBase"]
[Source "John Saunders"]
[SourceDate "2024.10.24"]
[SourceVersion "1"]
[SourceVersionDate "2024.10.24"]
[SourceQuality "1"]
[WhiteTeam "Milton Keynes"]
[BlackTeam "White Rose 2"]
[WhiteTeamCountry "ENG"]
[BlackTeamCountry "ENG"]

1. e4 c5 2. Nf3 Nc6 3. Bb5 g6 4. O-O Bg7 5. c3 Nf6 6. Re1 O-O 7. d4 d5 8. exd5 Qxd5 9. c4 Qd6 10. dxc5 Qxd1 11. Rxd1 Bg4 12. Bxc6 bxc6 13. Nc3 Rab8 14. h3 Bxf3 15. gxf3 Rb7 16. Rb1 Nd7 17. Ne2 Nxc5 18. Be3 Nd7 19. Kg2 Rc8 20. b3 1/2-1/2

[Event "4NCL/2001-02/D3/WR2-MK"]
[Site "Rd04-Birmingham"]
[Date "2001.11.25"]
[Round "4.5"]
[White "Lim Chin Lee"]
[Black "Elwin, Adrian G"]
[Result "1-0"]
[WhiteElo "2050"]
[BlackElo "1968"]
[PlyCount "89"]
[EventDate "2001.11.25"]
[EventType "team-match"]
[EventCountry "ENG"]
[SourceTitle "BritBase"]
[Source "John Saunders"]
[SourceDate "2024.10.24"]
[SourceVersion "1"]
[SourceVersionDate "2024.10.24"]
[SourceQuality "1"]
[WhiteTeam "White Rose 2"]
[BlackTeam "Milton Keynes"]
[WhiteTeamCountry "ENG"]
[BlackTeamCountry "ENG"]

1. d4 d5 2. Nf3 Nf6 3. Bg5 e6 4. e3 Nbd7 5. c4 Be7 6. Nc3 O-O 7. Rc1 c6 8. cxd5 exd5 9. Bd3 Re8 10. O-O Ne4 11. Bf4 f5 12. Nb5 Nf8 13. Nc7 Be6 14. Nxa8 Qxa8 15. Bxe4 fxe4 16. Ng5 Bf5 17. Qh5 Bg6 18. Qh3 Bf6 19. Qg4 Qd8 20. Nh3 h5 21. Qe2 Bf7 22. f3 Be6 23. Nf2 exf3 24. Qxf3 Ng6 25. Nd3 Bg4 26. Qf2 Nxf4 27. Nxf4 Qe7 28. h3 Bd7 29. Rc2 Bg5 30. Kh1 Bh6 31. Ng6 Qe6 32. Ne5 g5 33. Qf7+ Qxf7 34. Nxf7 Kg7 35. Nxh6 Kxh6 36. Rf7 Bc8 37. a4 Kg6 38. Rc7 g4 39. hxg4 hxg4 40. a5 Kf5 41. a6 bxa6 42. R7xc6 Bd7 43. Rxa6 g3 44. Rxa7 Bb5 45. Rg7 1-0

[Event "4NCL/2001-02/D3/WR2-MK"]
[Site "Rd04-Birmingham"]
[Date "2001.11.25"]
[Round "4.6"]
[White "Valentine, Brian J"]
[Black "Keeling, Geoffrey"]
[Result "1/2-1/2"]
[WhiteElo "1904"]
[BlackElo "2053"]
[PlyCount "39"]
[EventDate "2001.11.25"]
[EventType "team-match"]
[EventCountry "ENG"]
[SourceTitle "BritBase"]
[Source "John Saunders"]
[SourceDate "2024.10.24"]
[SourceVersion "1"]
[SourceVersionDate "2024.10.24"]
[SourceQuality "1"]
[WhiteTeam "Milton Keynes"]
[BlackTeam "White Rose 2"]
[WhiteTeamCountry "ENG"]
[BlackTeamCountry "ENG"]

1. e4 e5 2. Nc3 Nf6 3. f4 d5 4. fxe5 Nxe4 5. d3 Nxc3 6. bxc3 d4 7. Nf3 c5 8. Be2 Be7 9. O-O O-O 10. Qe1 Nc6 11. Qg3 Kh8 12. c4 Be6 13. a3 Qd7 14. Ng5 Rae8 15. Bf3 Bf5 16. Be4 Bxe4 17. Nxe4 b6 18. Bf4 f6 19. exf6 Bxf6 20. Bd6 1/2-1/2

[Event "4NCL/2001-02/D3/WR2-MK"]
[Site "Rd04-Birmingham"]
[Date "2001.11.25"]
[Round "4.7"]
[White "Keeling, Karen"]
[Black "Mahony, Richard"]
[Result "1/2-1/2"]
[WhiteElo "2048"]
[BlackElo "1824"]
[PlyCount "35"]
[EventDate "2001.11.25"]
[EventType "team-match"]
[EventCountry "ENG"]
[SourceTitle "BritBase"]
[Source "John Saunders"]
[SourceDate "2024.10.24"]
[SourceVersion "1"]
[SourceVersionDate "2024.10.24"]
[SourceQuality "1"]
[WhiteTeam "White Rose 2"]
[BlackTeam "Milton Keynes"]
[WhiteTeamCountry "ENG"]
[BlackTeamCountry "ENG"]

1. c4 e5 2. g3 Nc6 3. Bg2 Nf6 4. Nc3 Bc5 5. a3 a6 6. e3 O-O 7. Nge2 d6 8. O-O Ba7 9. b4 Ne7 10. d4 c6 11. Bb2 Bg4 12. Qd2 Rc8 13. h3 Be6 14. Qd3 Re8 15. Rac1 h6 16. Rfd1 Bf5 17. Qd2 Bb8 18. Kh2 1/2-1/2

[Event "4NCL/2001-02/D3/WR2-MK"]
[Site "Rd04-Birmingham"]
[Date "2001.11.25"]
[Round "4.8"]
[White "Georgiou, Roukaya"]
[Black "Shaw, Peter"]
[Result "0-1"]
[WhiteElo "1080"]
[BlackElo "1960"]
[PlyCount "104"]
[EventDate "2001.11.25"]
[EventType "team-match"]
[EventCountry "ENG"]
[SourceTitle "BritBase"]
[Source "John Saunders"]
[SourceDate "2024.10.24"]
[SourceVersion "1"]
[SourceVersionDate "2024.10.24"]
[SourceQuality "1"]
[WhiteTeam "Milton Keynes"]
[BlackTeam "White Rose 2"]
[WhiteTeamCountry "ENG"]
[BlackTeamCountry "ENG"]

1. e4 c6 2. Nc3 d5 3. exd5 cxd5 4. Bb5+ Nc6 5. Bxc6+ bxc6 6. d3 e5 7. Nf3 Bd6 8. Qe2 Qe7 9. d4 e4 10. Nd2 Nf6 11. f3 Bf5 12. fxe4 dxe4 13. Nc4 Bc7 14. Bg5 O-O 15. O-O-O Qe6 16. Bxf6 Bg4 17. Qxe4 Bxd1 18. Qxe6 fxe6 19. Be7 Rf7 20. Bd6 Bh5 21. Ne5 Bxd6 22. Nxf7 Bf4+ 23. Kb1 Bxf7 24. Rf1 Bxh2 25. Rh1 Bc7 26. b3 Rf8 27. Rf1 Bg6 28. Rxf8+ Kxf8 29. a4 Ke7 30. b4 Kf6 31. b5 cxb5 32. Nxb5 Bb6 33. Kb2 Be4 34. g3 g6 35. Nd6 Bc6 36. c3 Kg5 37. Nc4 Bc7 38. Ne5 Bxe5 39. dxe5 Kg4 40. a5 Kxg3 41. c4 h5 42. Kb3 h4 43. c5 h3 44. Kc4 h2 45. Kb3 h1=Q 46. Kb2 Qf3 47. Kc1 Qe2 48. Kb1 Kf3 49. Kc1 Ke3 50. Kb1 Kd3 51. Ka1 Kc3 52. Kb1 Qb2# 0-1

[Event "4NCL/2001-02/D3/BRI2-GUI2"]
[Site "Rd05-Birmingham"]
[Date "2002.01.19"]
[Round "5.1"]
[White "Collier, David O"]
[Black "Richardson, Keith Bevan"]
[Result "1-0"]
[WhiteElo "2255"]
[BlackElo "2208"]
[PlyCount "71"]
[EventDate "2002.01.19"]
[EventCountry "ENG"]
[SourceTitle "BritBase"]
[Source "John Saunders"]
[SourceDate "2024.10.24"]
[SourceVersion "1"]
[SourceVersionDate "2024.10.24"]
[SourceQuality "1"]
[WhiteTeam "Bristol 2"]
[BlackTeam "Guildford-ADC 2"]
[WhiteTeamCountry "ENG"]
[BlackTeamCountry "ENG"]

1. d4 Nf6 2. Bg5 e6 3. e3 Be7 4. c4 h6 5. Bxf6 Bxf6 6. Nc3 O-O 7. Nf3 d5 8. Qc2 c6 9. h4 g6 10. h5 g5 11. cxd5 cxd5 12. Be2 Nc6 13. a3 b6 14. O-O Bb7 15. b4 Rc8 16. Rac1 Ne7 17. Qa4 Nc6 18. Rfd1 a5 19. b5 Nb8 20. Qb3 Nd7 21. Na2 Qe7 22. Rxc8 Rxc8 23. Rc1 Rxc1+ 24. Nxc1 Qd6 25. Nd3 Be7 26. a4 f6 27. Qc2 Bf8 28. Nde1 Bg7 29. g3 e5 30. dxe5 fxe5 31. Qf5 Nc5 32. Qc2 d4 33. exd4 exd4 34. Bc4+ Kf8 35. Qh7 Bd5 36. Qf5+ 1-0

[Event "4NCL/2001-02/D3/BRI2-GUI2"]
[Site "Rd05-Birmingham"]
[Date "2002.01.19"]
[Round "5.2"]
[White "Thompson, Ian D"]
[Black "Buckley, David E"]
[Result "1/2-1/2"]
[WhiteElo "2209"]
[BlackElo "2192"]
[PlyCount "60"]
[EventDate "2002.01.19"]
[EventCountry "ENG"]
[SourceTitle "BritBase"]
[Source "John Saunders"]
[SourceDate "2024.10.24"]
[SourceVersion "1"]
[SourceVersionDate "2024.10.24"]
[SourceQuality "1"]
[WhiteTeam "Guildford-ADC 2"]
[BlackTeam "Bristol 2"]
[WhiteTeamCountry "ENG"]
[BlackTeamCountry "ENG"]

1. c4 g6 2. g3 Bg7 3. Bg2 c5 4. Nc3 Nc6 5. Nf3 e6 6. d3 Nge7 7. O-O O-O 8. Bg5 h6 9. Bd2 b6 10. a3 Bb7 11. Rb1 d5 12. cxd5 Nxd5 13. Qc1 Kh7 14. Nxd5 exd5 15. b4 cxb4 16. axb4 Rc8 17. Qa3 Qe7 18. Qb3 b5 19. Rfc1 a6 20. Qxd5 Nd4 21. Qxb7 Qxb7 22. Ng5+ hxg5 23. Bxb7 Nxe2+ 24. Kf1 Nxc1 25. Bxc8 Rxc8 26. Bxc1 Rc3 27. Bxg5 Rxd3 28. Rc1 Bf8 29. Rc7 Kg7 30. Ke2 Rd4 1/2-1/2

[Event "4NCL/2001-02/D3/BRI2-GUI2"]
[Site "Rd05-Birmingham"]
[Date "2002.01.19"]
[Round "5.3"]
[White "Dilleigh, Stephen P"]
[Black "Jackson, Adrian"]
[Result "1/2-1/2"]
[WhiteElo "2173"]
[BlackElo "2236"]
[PlyCount "43"]
[EventDate "2002.01.19"]
[EventCountry "ENG"]
[SourceTitle "BritBase"]
[Source "John Saunders"]
[SourceDate "2024.10.24"]
[SourceVersion "1"]
[SourceVersionDate "2024.10.24"]
[SourceQuality "1"]
[WhiteTeam "Bristol 2"]
[BlackTeam "Guildford-ADC 2"]
[WhiteTeamCountry "ENG"]
[BlackTeamCountry "ENG"]

1. c4 Nf6 2. g3 e6 3. Bg2 d5 4. Nf3 Be7 5. O-O O-O 6. b3 c5 7. Bb2 Nc6 8. e3 b6 9. Nc3 Ba6 10. d3 Rc8 11. Qe2 Qd7 12. Rfd1 Rfd8 13. a3 Qc7 14. Nb5 Qb8 15. e4 dxe4 16. dxe4 e5 17. Bh3 Rxd1+ 18. Rxd1 Rd8 19. Rxd8+ Bxd8 20. Qd3 Nd4 21. a4 Bb7 22. Nd2 1/2-1/2

[Event "4NCL/2001-02/D3/BRI2-GUI2"]
[Site "Rd05-Birmingham"]
[Date "2002.01.19"]
[Round "5.4"]
[White "Coates, Kenneth G"]
[Black "Easton, Alex"]
[Result "1-0"]
[WhiteElo "2188"]
[BlackElo "2139"]
[PlyCount "81"]
[EventDate "2002.01.19"]
[EventCountry "ENG"]
[SourceTitle "BritBase"]
[Source "John Saunders"]
[SourceDate "2024.10.24"]
[SourceVersion "1"]
[SourceVersionDate "2024.10.24"]
[SourceQuality "1"]
[WhiteTeam "Guildford-ADC 2"]
[BlackTeam "Bristol 2"]
[WhiteTeamCountry "ENG"]
[BlackTeamCountry "ENG"]

1. e4 e6 2. d4 d5 3. exd5 exd5 4. Bd3 Nc6 5. c3 Bd6 6. Qf3 Nge7 7. Ne2 Be6 8. Bf4 O-O 9. Nd2 Bxf4 10. Nxf4 Qd7 11. O-O Bf5 12. Rfe1 Bxd3 13. Nxd3 Rae8 14. Re2 Qf5 15. Rae1 Qxf3 16. Nxf3 f6 17. Nc5 Kf7 18. Ne6 Rh8 19. Nxc7 Rd8 20. h4 h5 21. g3 Nf5 22. Kg2 Rd7 23. Ne6 Re7 24. Nf4 Rxe2 25. Rxe2 Nce7 26. a4 g6 27. Kf1 Rc8 28. Nd2 Rc6 29. a5 Ra6 30. b4 Rc6 31. Nb1 Nd6 32. f3 Nb5 33. Kf2 g5 34. hxg5 fxg5 35. Nd3 Nxc3 36. Ne5+ Kf6 37. Nxc6 Nxe2 38. Nxe7 Nxd4 39. Nxd5+ Ke5 40. Nbc3 Nc2 41. f4+ 1-0

[Event "4NCL/2001-02/D3/BRI2-GUI2"]
[Site "Rd05-Birmingham"]
[Date "2002.01.19"]
[Round "5.5"]
[White "Rudd, Jack"]
[Black "Sharp, Peter"]
[Result "1-0"]
[WhiteElo "2135"]
[BlackElo "2104"]
[PlyCount "115"]
[EventDate "2002.01.19"]
[EventCountry "ENG"]
[SourceTitle "BritBase"]
[Source "John Saunders"]
[SourceDate "2024.10.24"]
[SourceVersion "1"]
[SourceVersionDate "2024.10.24"]
[SourceQuality "1"]
[WhiteTeam "Bristol 2"]
[BlackTeam "Guildford-ADC 2"]
[WhiteTeamCountry "ENG"]
[BlackTeamCountry "ENG"]

1. e4 Nf6 2. Nc3 d5 3. e5 d4 4. exf6 dxc3 5. d4 cxb2 6. fxg7 Bxg7 7. Bxb2 Nc6 8. c3 Qd5 9. Nf3 O-O 10. Bd3 Bf5 11. O-O Bg6 12. Qe2 Rfe8 13. Rfe1 Rad8 14. Bc4 Qd6 15. Rad1 Bh5 16. Qc2 Bxf3 17. gxf3 Qg6+ 18. Qxg6 hxg6 19. f4 e6 20. Kg2 Ne7 21. Kf3 Bf6 22. Bb3 Kg7 23. Ba3 Nf5 24. Bc2 c6 25. Rb1 Rd7 26. Bxf5 gxf5 27. Rg1+ Kh7 28. Rg3 Bg7 29. Rbg1 Bh6 30. Rh3 f6 31. Re1 Kg6 32. Rg3+ Kh7 33. Rb1 b6 34. Bc1 Rd5 35. Be3 Rg8 36. Rb4 Ra5 37. Rxg8 Kxg8 38. Rc4 Rxa2 39. Rxc6 Kf7 40. Rc7+ Kg6 41. c4 Bf8 42. Rc8 Bb4 43. c5 Rc2 44. Rc6 bxc5 45. dxc5 Rc3 46. Ke2 a5 47. Bd4 Rc2+ 48. Kd3 Rd2+ 49. Kc4 Re2 50. Be3 Rc2+ 51. Kb5 Kf7 52. Rc7+ Ke8 53. h4 e5 54. h5 Kd8 55. Ra7 exf4 56. Bd4 Bc3 57. Bxc3 Rxc3 58. h6 1-0

[Event "4NCL/2001-02/D3/BRI2-GUI2"]
[Site "Rd05-Birmingham"]
[Date "2002.01.19"]
[Round "5.6"]
[White "Shepley, Julien M"]
[Black "Curtis, John"]
[Result "0-1"]
[WhiteElo "2108"]
[BlackElo "2118"]
[PlyCount "64"]
[EventDate "2002.01.19"]
[EventCountry "ENG"]
[SourceTitle "BritBase"]
[Source "John Saunders"]
[SourceDate "2024.10.24"]
[SourceVersion "1"]
[SourceVersionDate "2024.10.24"]
[SourceQuality "1"]
[WhiteTeam "Guildford-ADC 2"]
[BlackTeam "Bristol 2"]
[WhiteTeamCountry "ENG"]
[BlackTeamCountry "ENG"]

1. Nc3 e5 2. e4 Nf6 3. Bc4 Nc6 4. d3 Na5 5. Bg5 c6 6. Qf3 b5 7. Bb3 Nxb3 8. axb3 Be7 9. Nge2 h6 10. Bxf6 Bxf6 11. Ng3 g6 12. Qe3 Qc7 13. Qc5 Bd8 14. h4 h5 15. Nge2 d6 16. Qe3 b4 17. Nd1 Bf6 18. f4 Qe7 19. g3 Bg4 20. fxe5 dxe5 21. O-O g5 22. Qf2 Rh6 23. Ne3 gxh4 24. Nxg4 hxg4 25. gxh4 Bxh4 26. Ng3 Bxg3 27. Qxg3 O-O-O 28. Kg2 Rdh8 29. Rh1 Rxh1 30. Qxg4+ f5 31. exf5 Rxa1 32. f6+ Qd7 0-1

[Event "4NCL/2001-02/D3/BRI2-GUI2"]
[Site "Rd05-Birmingham"]
[Date "2002.01.19"]
[Round "5.7"]
[White "Frost, Nicholas A"]
[Black "Punnett, Alan Kenneth"]
[Result "1/2-1/2"]
[WhiteElo "2112"]
[BlackElo "2121"]
[PlyCount "87"]
[EventDate "2002.01.19"]
[EventCountry "ENG"]
[SourceTitle "BritBase"]
[Source "John Saunders"]
[SourceDate "2024.10.24"]
[SourceVersion "1"]
[SourceVersionDate "2024.10.24"]
[SourceQuality "1"]
[WhiteTeam "Bristol 2"]
[BlackTeam "Guildford-ADC 2"]
[WhiteTeamCountry "ENG"]
[BlackTeamCountry "ENG"]

1. e4 e6 2. d4 d5 3. e5 c5 4. c3 Nc6 5. Nf3 Bd7 6. Be2 Qb6 7. b3 cxd4 8. cxd4 Bb4+ 9. Kf1 O-O-O 10. a3 Be7 11. b4 h5 12. Nc3 Nh6 13. Na4 Qc7 14. Bb2 a6 15. Rc1 Kb8 16. Qb3 Nf5 17. Nc5 g5 18. b5 axb5 19. Qxb5 Ka7 20. Nxd7 Rxd7 21. Bd3 Qb6 22. Qxb6+ Kxb6 23. h3 Ra8 24. g4 hxg4 25. hxg4 Nh4 26. Nxh4 gxh4 27. Rb1 Kc7 28. Bb5 Bxa3 29. Bxc6 Kxc6 30. Bxa3 Rxa3 31. Ke2 Ra4 32. Ke3 b5 33. Rxh4 Rda7 34. Rh8 Ra3+ 35. Kf4 Rd3 36. Rc8+ Kd7 37. Rb8 Rxd4+ 38. Kg5 Raa4 39. f3 Rab4 40. Ra1 Rf4 41. Ra7+ Kc6 42. Rc8+ Kb6 43. Rcc7 Rxf3 44. Rab7+ 1/2-1/2